Countries whose capital is not their largest city. - Statistics

General Stats
  • This quiz has been taken 31 times
  • The average score is 25 of 34
Answer Stats
Hint Answer Biggest city % Correct
A Australia Sydney
100%
B Belize Belize City
96%
C Canada Toronto
96%
C China Shanghai
96%
I India Mumbai
96%
U UAE Dubai
96%
U USA New York City
96%
V Vietnam Ho Chi Minh City
96%
B Brazil Sao Paulo
93%
S Switzerland Zurich
93%
T Turkey Instanbul
93%
M Morocco Cassablanca
89%
N New Zealand Auckland
89%
P Pakistan Karachi
89%
S South Africa Johannesburg
89%
T Taiwan New Taipei
89%
N Nigeria Lagos
85%
S Sri Lanka Colombo
85%
M Myanmar Yangon
81%
T Tanzania Dar Es Salaam
81%
K Kazakhstan Almaty
78%
C Cameroon Douala
67%
I Ivory Coast Abidjan
67%
B Burundi Bujumbura
56%
B Benin Cotonou
52%
B Bolivia Santa Cruz de la Sierra
52%
L Liechtenstein Schann
52%
P Palau Koror
41%
G Gambia Serrekunda
37%
T Trinidad and Tobago Chaguanas
37%
E Equatorial Guinea Bata
33%
M Malta St. Paul's Bay
30%
S San Marino Serravalle
30%
M Micronesia Weno
19%
No matching quizzes found
Score Distribution
Percent of People with Each Score
Percentile by Number Answered
Your Score History
You have not taken this quiz